000 00577nam a2200217Ia 4500
003 OSt
005 20220923212006.0
006 a|||||r|||| 00| 0
007 ta
008 Pun
024 _a86,103
037 _cTextual
040 _aARTS
_cARTS
_bPun
041 _2Pun
_aPun
082 _aT:3, 153K7
100 _aਪੈਨਟਲ, ਜੇ. ਐਚ.
245 0 _aਆਧੁਨਿਕ ਅਧਿਆਧਨ, ਅਭਿਆਸ ਅਤੇ ਤਕਨੀਕ
260 _c1967
942 _hT:3, 153K7
_cTEXL
_2CC
999 _c305247
_d305247